[Event "Killer Summer Slam Round Robin-3 Open To All"]
[Site "SchemingMind.com"]
[Date "2019.08.15"]
[Round "-"]
[White "Phillip Beckett"]
[Black "Whiteravenx"]
[Result "1/2-1/2"]
[WhiteCountry "ENG"]
[BlackCountry "USA"]
[WhiteElo "1476"]
[WhiteRD "49"]
[BlackElo "2124"]
[BlackRD "102"]
[GameID "444799"]

1. d4 d5 2. c4 c6 3. cxd5 cxd5 4. Nc3 Nf6 5. Bg5 e6 6. e3 h6 7. Bh4 Be7 8. Nf3 O-O 9. Bd3 Nc6 10. O-O Ne4
11. Bxe7 Nxc3 12. Bxd8 Nxd1 13. Rfxd1 Rxd8 14. Rac1 Kf8 15. Bb5 Bd7 16. Bxc6 Bxc6 17. Ne5 Rdc8 18. Nxc6 bxc6 19. Rc5 a5 20. Rdc1 Rcb8
21. b3 a4 22. Rxc6 axb3 23. axb3 Rxb3 24. Rc8+ Rxc8 25. Rxc8+=
1/2-1/2

[Event "Killer Summer Slam Round Robin-3 Open To All"]
[Site "SchemingMind.com"]
[Date "2019.08.15"]
[Round "-"]
[White "Whiteravenx"]
[Black "Phillip Beckett"]
[Result "1-0"]
[WhiteCountry "USA"]
[BlackCountry "ENG"]
[WhiteElo "2124"]
[WhiteRD "102"]
[BlackElo "1476"]
[BlackRD "49"]
[GameID "444800"]

1. d4 d5 2. c4 e6 3. Nc3 Nf6 4. cxd5 Nxd5 5. e4 Nxc3 6. bxc3 c5 7. Rb1 cxd4 8. cxd4 Nc6 9. Bb5 Bd7 10. Nf3 a6
11. Be2 b5 12. d5 exd5 13. exd5 Na5 14. Qd4 Rc8 15. O-O Nc4 16. Re1 Be7 17. Qxg7 Bf6 18. Bxc4+ Be6 19. Bxb5+ Ke7 20. Rxe6#
1-0

[Event "Killer Summer Slam Round Robin-3 Open To All"]
[Site "SchemingMind.com"]
[Date "2019.08.15"]
[Round "-"]
[White "surfnsuds"]
[Black "Phillip Beckett"]
[Result "0-1"]
[WhiteCountry "USA"]
[BlackCountry "ENG"]
[WhiteElo "1414"]
[WhiteRD "77"]
[BlackElo "1497"]
[BlackRD "51"]
[GameID "444806"]

1. d4 d5 2. c4 e6 3. Nf3 Nf6 4. Nc3 Be7 5. Bg5 h6 6. Bxf6 Bxf6 7. e3 O-O 8. Qc2 c6 9. Bd3 dxc4 10. Bxc4 Nd7
11. O-O e5 12. d5 cxd5 13. Bxd5 Nb6 14. Rad1 Nxd5 15. Rxd5 Qc7 16. Qe4 Be6 17. Rd3 Rad8 18. Rfd1 Rxd3 19. Rxd3 Rd8 20. h3 Rxd3
21. Qxd3 Qd7 22. Qxd7 Bxd7 23. b3 Bc6 24. e4 Kf8 25. Nd5 Bxd5 26. exd5 Ke7 27. Nd2 Kd6 28. g4 Kxd5 29. Nf3 e4 30. Nd2 Kd4
31. Kg2 e3 32. fxe3+ Kxe3 33. Nf3 Bc3 34. h4 Kf4 35. Nh2 Be1 36. Kh3 Ke3 37. Nf1+ Kf2 38. Nh2 Bd2 39. h5 Bf4 40. a4 Bxh2
41. Kxh2 Kf3 42. Kh3 g5 43. b4 f6 44. a5 a6
0-1

[Event "Killer Summer Slam Round Robin-3 Open To All"]
[Site "SchemingMind.com"]
[Date "2019.08.15"]
[Round "-"]
[White "Phillip Beckett"]
[Black "surfnsuds"]
[Result "0-1"]
[WhiteCountry "ENG"]
[BlackCountry "USA"]
[WhiteElo "1497"]
[WhiteRD "51"]
[BlackElo "1414"]
[BlackRD "77"]
[GameID "444807"]

1. d4 d5 2. c4 e6 3. Nc3 Nf6 4. Bg5 Nbd7 5. e3 Be7 6. Nf3 O-O 7. Bd3 dxc4 8. Bxc4 a6 9. O-O Rb8 10. a3 b5
11. Ba2 h6 12. Bh4 Ng4 13. Bxe7 Qxe7 14. h3 Ngf6 15. Qc2 b4 16. axb4 Qxb4 17. Nd1 Qb7 18. b3 Ne4 19. Nc3 Ndf6 20. Nxe4 Nxe4
21. Ne5 f5 22. Rfc1 Qb5 23. Qc4 Nd2 24. Qxb5 Rxb5 25. Nc4 Ne4 26. f3 Ng3 27. Kf2 f4 28. exf4 Nf5 29. Ne5 Nh4 30. Rxc7 Nf5
31. Rd1 Rb4 32. d5 exd5 33. Rxd5 Be6 34. Rdc5 Rd4 35. R7c6 Rd2+ 36. Kg1 Nd4 37. Rxa6 Ne2+ 38. Kf1 Rfd8 39. Rxe6 Ng3+ 40. Kg1 Rxa2
41. Kh2 Nf1+ 42. Kg1 Ne3 43. Ng4 Rxg2+ 44. Kh1 Rd1#
0-1

[Event "Killer Summer Slam Round Robin-3 Open To All"]
[Site "SchemingMind.com"]
[Date "2019.08.15"]
[Round "-"]
[White "surfnsuds"]
[Black "Whiteravenx"]
[Result "0-1"]
[WhiteCountry "USA"]
[BlackCountry "USA"]
[WhiteElo "1379"]
[WhiteRD "83"]
[BlackElo "2048"]
[BlackRD "77"]
[GameID "444808"]

1. d4 d5 2. c4 c6 3. Nf3 Nf6 4. Nc3 e6 5. e3 Nbd7 6. Bd3 dxc4 7. Bxc4 b5 8. Bd3 Bb7 9. e4 b4 10. O-O bxc3
11. bxc3 c5 12. Rb1 Bxe4 13. Qe2 Bxd3 14. Qxd3 Be7 15. Bf4 O-O 16. Rfc1 Qa5 17. Rc2 Rac8 18. g3 Rfd8 19. Be5 cxd4 20. cxd4 Nd5
21. a3 Rxc2 22. Qxc2 Qxa3 23. Rb3 Qa6 24. h4 Rc8 25. Qb2 Qc6 26. Ne1 a5 27. Rb5 Bb4 28. Qe2 Nxe5
0-1

[Event "Killer Summer Slam Round Robin-3 Open To All"]
[Site "SchemingMind.com"]
[Date "2019.08.16"]
[Round "-"]
[White "Whiteravenx"]
[Black "surfnsuds"]
[Result "1-0"]
[WhiteCountry "USA"]
[BlackCountry "USA"]
[WhiteElo "2048"]
[WhiteRD "77"]
[BlackElo "1379"]
[BlackRD "83"]
[GameID "444809"]

1. d4 d5 2. c4 e6 3. Nc3 Nf6 4. cxd5 exd5 5. Bg5 Be7 6. e3 h6 7. Bf4 O-O 8. Bd3 Nc6 9. h3 Bb4 10. Qc2 Qe7
11. Ne2 Be6 12. a3 a6 13. axb4 Nxb4 14. Qd2 b5 15. Bb1 c5 16. dxc5 Qxc5 17. O-O a5 18. Rc1 Qb6 19. Nd4 Rac8 20. Ncxb5 Ne4
21. Bxe4 dxe4 22. Bc7 Qb7 23. Nd6 Qxc7 24. Rxc7 Rxc7 25. Rxa5 Rb8 26. Nxe6 fxe6 27. Rb5 Nc6 28. Qc2 Rxb5 29. Nxb5 Rc8 30. Qc4
1-0

[Event "Killer Summer Slam Round Robin-3 Open To All"]
[Site "SchemingMind.com"]
[Date "2019.08.18"]
[Round "-"]
[White "surfnsuds"]
[Black "Chessibelle"]
[Result "1-0"]
[WhiteCountry "USA"]
[BlackCountry "ENG"]
[WhiteElo "1379"]
[WhiteRD "83"]
[BlackElo "1130"]
[BlackRD "57"]
[GameID "444823"]

1. d4 d5 2. c4 Nf6 3. Nf3 e6 4. Bg5 Be7 5. c5 Bd7 6. Bxf6 Bxf6 7. e3 O-O 8. Bd3 g6 9. Ne5 Bc8 10. Qg4 h5
11. Qg3 b6 12. Nxg6 Re8 13. Ne5+ Kf8 14. Bh7 Ke7 15. O-O Rh8 16. Bd3 Qe8 17. Nc3 c6 18. e4 Kd8 19. exd5 Bb7 20. Rae1 Nd7
21. dxc6 Bc8 22. cxd7 Bxd7 23. Nxd7 Be7 24. Ne5 f5 25. Ba6 Rg8 26. Qf3 Qf8 27. Qxa8+ Kc7 28. Nb5#
1-0

[Event "Killer Summer Slam Round Robin-3 Open To All"]
[Site "SchemingMind.com"]
[Date "2019.08.18"]
[Round "-"]
[White "Chessibelle"]
[Black "surfnsuds"]
[Result "0-1"]
[WhiteCountry "ENG"]
[BlackCountry "USA"]
[WhiteElo "1130"]
[WhiteRD "57"]
[BlackElo "1379"]
[BlackRD "83"]
[GameID "444824"]

1. Nf3 Nf6 2. d4 e6 3. Nc3 d5 4. Bd2 Nc6 5. e3 Bd6 6. g3 O-O 7. Be2 e5 8. O-O e4 9. Ng5 Bf5 10. a3 h6
11. Nf3 Nh5 12. Nh4 Nxg3 13. fxg3 Bh3 14. Ng2 Qg5 15. Re1 Rae8 16. Rf1 a6 17. a4 Bxg3 18. Kh1 Bd6 19. Rg1 Re6 20. Na2 Rg6
21. Nf4 Qf5 22. Nxg6 fxg6 23. Nc3 Qf2 24. Rg3 Bxg3 25. Qg1 Qxg1+ 26. Kxg1 Bh4 27. Nxd5 Bf2+ 28. Kh1 Rf5 29. Nxc7 Rg5 30. Bc4+ Kh7
31. Ne6 Bg2#
0-1

[Event "Killer Summer Slam Round Robin-3 Open To All"]
[Site "SchemingMind.com"]
[Date "2019.08.16"]
[Round "-"]
[White "Phillip Beckett"]
[Black "Chessibelle"]
[Result "0-1"]
[WhiteCountry "ENG"]
[BlackCountry "ENG"]
[WhiteElo "1476"]
[WhiteRD "49"]
[BlackElo "1145"]
[BlackRD "58"]
[GameID "444825"]

1. d4 d5 2. c4 Nf6 3. cxd5 Nxd5 4. Nc3 c6 5. e4 Nf6 6. Nf3 h6 7. Bc4 e6 8. O-O Be7 9. Ne5 a6 10. Qf3 b5
11. Ng4 O-O 12. Bb3 Qxd4 13. Be3 Qd8 14. Rad1 Bd7 15. Ne5 Qc7 16. Nxd7 Nbxd7 17. a3 Bd8 18. Ne2 Ne5 19. Qf4 Be7 20. Bd4 Bd6
21. Bxe5 Bxe5 22. Qd2 Nxe4 23. Qd7 Bxh2+ 24. Kh1 Qe5 25. f4 Qh5 26. Ng1 Ng3#
0-1

[Event "Killer Summer Slam Round Robin-3 Open To All"]
[Site "SchemingMind.com"]
[Date "2019.08.16"]
[Round "-"]
[White "Chessibelle"]
[Black "Phillip Beckett"]
[Result "0-1"]
[WhiteCountry "ENG"]
[BlackCountry "ENG"]
[WhiteElo "1145"]
[WhiteRD "58"]
[BlackElo "1476"]
[BlackRD "49"]
[GameID "444826"]

1. Nf3 Nf6 2. d4 d5 3. e3 e6 4. Bd2 c5 5. c3 Nc6 6. Be2 cxd4 7. exd4 Bd6 8. O-O O-O 9. g3 Bd7 10. a3 Rc8
11. Qc2 Qc7 12. Rd1 Na5 13. b4 Nc4 14. Bc1 Bb5 15. Ng5 h6 16. Nh3 Ne4 17. Nd2 Ncxd2 18. Re1 Bxe2 19. Rxe2 Nf3+ 20. Kh1 Nfg5
21. Nf4 Bxf4 22. gxf4 Nh3 23. Kg2 Nxf4+ 24. Bxf4 Qxf4 25. Kh1 Qf3+ 26. Kg1 Rxc3 27. Qd1 Qg4+ 28. Kf1 Rh3 29. Re3 Qxd1+ 30. Rxd1 Rxe3
31. fxe3 Rc8 32. Ke2 Nc3+ 33. Ke1 Nxd1 34. Kxd1 Rc3 35. a4 Rc4
0-1

[Event "Killer Summer Slam Round Robin-3 Open To All"]
[Site "SchemingMind.com"]
[Date "2019.08.17"]
[Round "-"]
[White "Chessibelle"]
[Black "Whiteravenx"]
[Result "0-1"]
[WhiteCountry "ENG"]
[BlackCountry "USA"]
[WhiteElo "1145"]
[WhiteRD "58"]
[BlackElo "2124"]
[BlackRD "102"]
[GameID "444827"]

1. Nf3 d5 2. d4 Nc6 3. Be3 Nf6 4. Nc3 Bf5 5. a3 e6 6. g3 h6 7. Bg2 Bd6 8. O-O O-O 9. Bd2 Re8 10. e3 e5
11. Nh4 Bg4 12. f3 Be6 13. e4 Nxd4 14. f4 Bg4 15. Nf3 dxe4 16. b4 exf3 17. Re1 fxg2 18. Qc1 Qd7 19. Kxg2 Bf3+ 20. Kf2 exf4
21. gxf4 Qh3 22. Rg1 Qxh2+ 23. Kf1 Be2+ 24. Nxe2 Qxe2#
0-1

[Event "Killer Summer Slam Round Robin-3 Open To All"]
[Site "SchemingMind.com"]
[Date "2019.08.16"]
[Round "-"]
[White "Whiteravenx"]
[Black "Chessibelle"]
[Result "1-0"]
[WhiteCountry "USA"]
[BlackCountry "ENG"]
[WhiteElo "2124"]
[WhiteRD "102"]
[BlackElo "1145"]
[BlackRD "58"]
[GameID "444828"]

1. d4 d5 2. c4 Nf6 3. Nc3 e6 4. Bg5 Be7 5. e3 O-O 6. Nf3 b6 7. Qc2 g6 8. h4 Nc6 9. a3 Bd6 10. cxd5 Nb8
11. h5 Nbd7 12. dxe6 fxe6 13. hxg6 Be7 14. gxh7+ Kh8 15. Nh4 Rf7 16. Ng6+ Kg7 17. Bh6+ Kxh7 18. Bf8+
1-0

[Event "Killer Summer Slam Round Robin-3 Open To All"]
[Site "SchemingMind.com"]
[Date "2019.08.19"]
[Round "-"]
[White "Phillip Beckett"]
[Black "Colin.Peeters"]
[Result "1-0"]
[WhiteCountry "ENG"]
[BlackCountry "ENG"]
[WhiteElo "1497"]
[WhiteRD "51"]
[BlackElo "1322"]
[BlackRD "73"]
[GameID "444944"]

1. d4 Nf6 2. c4 g6 3. Nc3 Bg7 4. e4 d6 5. f3 O-O 6. Be3 c5 7. d5 Nbd7 8. Qd2 e5 9. h4 a6 10. h5 gxh5
11. Bh6 Bxh6 12. Qxh6 Re8 13. Rh3 Kh8 14. Rg3 Rg8 15. Rxg8+ Kxg8 16. Nh3 Qf8 17. Qd2 Nb6 18. O-O-O Bxh3 19. gxh3 Kh8 20. Bd3 Qg7
21. Qf2 Qg5+ 22. Kb1 Qf4 23. Rg1 Rg8 24. Rxg8+ Nxg8 25. Kc2 h4 26. Ne2 Qf6 27. f4 Na4 28. f5 Qg5 29. b3 Nb6 30. Qg1 f6
31. Qxg5 fxg5 32. Ng1 a5 33. Kd2 a4 34. Nf3 g4 35. hxg4 h3 36. Bf1 Nf6 37. Bxh3 Nxe4+ 38. Ke3 Nc3 39. Nd2 Nxa2 40. bxa4 Nxa4
41. f6 Kg8 42. g5 Kf8 43. Be6 N4c3 44. Ne4 Nxe4 45. Kxe4 Nc3+ 46. Kd3 Na4 47. Bc8 Nb2+ 48. Kc3 Nd1+ 49. Kd3 Nf2+ 50. Ke2
1-0

[Event "Killer Summer Slam Round Robin-3 Open To All"]
[Site "SchemingMind.com"]
[Date "2019.08.19"]
[Round "-"]
[White "Colin.Peeters"]
[Black "Phillip Beckett"]
[Result "0-1"]
[WhiteCountry "ENG"]
[BlackCountry "ENG"]
[WhiteElo "1489"]
[WhiteRD "90"]
[BlackElo "1508"]
[BlackRD "49"]
[GameID "444945"]

1. d4 d5 2. e3 e6 3. Bd3 c5 4. Nd2 Nc6 5. c3 Nf6 6. Ngf3 Bd6 7. a3 O-O 8. O-O cxd4 9. cxd4 Bd7 10. Re1 Rc8
11. e4 dxe4 12. Nxe4 Nxe4 13. Bxe4 Na5 14. Bxh7+ Kxh7 15. Ng5+ Kg6 16. h4 f5 17. Rxe6+ Bxe6 18. Nxe6 Bh2+ 19. Kxh2 Qd6+ 20. Nf4+ Kh7
21. Qh5+ Qh6 22. Qxh6+ gxh6 23. Be3 Nb3 24. Re1 Rc2 25. Re2 Rxe2 26. Nxe2 Na5 27. b3 Nxb3 28. d5 Rd8 29. Bxa7 Rxd5 30. Nf4 Rd1
31. f3 Ra1 32. Ne6 Rxa3 33. Be3 Ra2 34. Nd8 Nd2 35. Bxd2 Rxd2 36. Nxb7 Kg6 37. Nc5 Kh5 38. Kh3 Rd4 39. g3 f4 40. g4+ Kg6
41. h5+ Kf6 42. Kh4 Rc4 43. g5+ hxg5+ 44. Kg4 Rxc5
0-1

[Event "Killer Summer Slam Round Robin-3 Open To All"]
[Site "SchemingMind.com"]
[Date "2019.08.19"]
[Round "-"]
[White "Chessibelle"]
[Black "Colin.Peeters"]
[Result "0-1"]
[WhiteCountry "ENG"]
[BlackCountry "ENG"]
[WhiteElo "1145"]
[WhiteRD "58"]
[BlackElo "1555"]
[BlackRD "105"]
[GameID "444946"]

1. Nf3 Nf6 2. d4 g6 3. g3 Bg7 4. e3 d6 5. Be2 O-O 6. O-O a6 7. Nbd2 Nc6 8. c3 b5 9. b4 e5 10. Ng5 exd4
11. exd4 Re8 12. Ndf3 h6 13. Nh3 Bxh3 14. Re1 Ne4 15. Bb2 g5 16. Bd3 g4 17. Nh4 Ng5 18. Nf5 Rxe1+ 19. Bf1 Rxd1 20. Rxd1 Nf3+
21. Kh1 Bxf1 22. Rxf1 Qf6 23. Ne3 Ncxd4 24. Nd5 Qe5 25. Nxc7 Qe2 26. Bc1 Qxf1#
0-1

[Event "Killer Summer Slam Round Robin-3 Open To All"]
[Site "SchemingMind.com"]
[Date "2019.08.19"]
[Round "-"]
[White "Colin.Peeters"]
[Black "Chessibelle"]
[Result "1-0"]
[WhiteCountry "ENG"]
[BlackCountry "ENG"]
[WhiteElo "1489"]
[WhiteRD "90"]
[BlackElo "1130"]
[BlackRD "57"]
[GameID "444947"]

1. d4 d5 2. e3 e6 3. Bd3 g6 4. f4 Bg7 5. Nd2 Ne7 6. Ngf3 O-O 7. O-O Nd7 8. c3 c6 9. b4 b5 10. Nb3 a6
11. e4 f5 12. e5 h6 13. Nc5 Kf7 14. Nd2 Ng8 15. Ndb3 h5 16. Na5 Ne7 17. Ncb7 Qc7= 18. Nd6+ Kg8 19. Nxc8 Nxc8 20. Nb3 Ndb6
21. Nc5 Re8 22. Rf3 Qf7 23. Rh3 Ne7 24. Be2 Bf8 25. Nb7 Qh7 26. Nd6 Red8 27. Bxh5 gxh5 28. Rxh5 Qg6 29. Rg5 Bh6 30. Rxg6+ Nxg6
31. Qh5 Kh7 32. Nf7 Rd7 33. Qxh6+ Kg8 34. Qxg6+ Kf8 35. Qxe6 Re8 36. Qxc6 Ree7 37. Qxb6 Rxf7 38. Qxa6 Kg8 39. Qxb5 Kh7 40. e6 Rde7
41. exf7
1-0

[Event "Killer Summer Slam Round Robin-3 Open To All"]
[Site "SchemingMind.com"]
[Date "2019.08.19"]
[Round "-"]
[White "Whiteravenx"]
[Black "Colin.Peeters"]
[Result "1-0"]
[WhiteCountry "USA"]
[BlackCountry "ENG"]
[WhiteElo "2124"]
[WhiteRD "102"]
[BlackElo "1555"]
[BlackRD "105"]
[GameID "444948"]

1. d4 Nf6 2. c4 g6 3. Nc3 Bg7 4. e4 d6 5. Be2 O-O 6. Be3 c5 7. d5 Nbd7 8. Nf3 e5 9. dxe6 fxe6 10. Qxd6 Qe7
11. Qxe7
1-0

[Event "Killer Summer Slam Round Robin-3 Open To All"]
[Site "SchemingMind.com"]
[Date "2019.08.19"]
[Round "-"]
[White "Colin.Peeters"]
[Black "Whiteravenx"]
[Result "0-1"]
[WhiteCountry "ENG"]
[BlackCountry "USA"]
[WhiteElo "1489"]
[WhiteRD "90"]
[BlackElo "2048"]
[BlackRD "77"]
[GameID "444949"]

1. d4 d5 2. e3 e6 3. f4 Nf6 4. Bd3 Bd6 5. Nd2 O-O 6. Ngf3 c5 7. O-O c4 8. Be2 Nc6 9. Ne5 Ne7 10. c3 b5
11. b4 a5 12. Ndf3 axb4 13. cxb4 Bxb4 14. Rb1 Qa5 15. Ng5 h6 16. Ngxf7 Rxf7 17. Nxf7 Kxf7 18. f5 exf5 19. e4 Nxe4 20. Bh5+ g6
21. Bxh6 Nc3 22. Rxf5+ Bxf5
0-1

[Event "Killer Summer Slam Round Robin-3 Open To All"]
[Site "SchemingMind.com"]
[Date "2019.08.28"]
[Round "-"]
[White "surfnsuds"]
[Black "Thegreatvoid"]
[Result "0-1"]
[WhiteCountry "USA"]
[BlackCountry "USA"]
[WhiteElo "1379"]
[WhiteRD "83"]
[BlackElo "1501"]
[BlackRD "89"]
[GameID "445077"]

1. d4 Nf6 2. c4 g6 3. Nc3 d5 4. cxd5 Nxd5 5. e4 Nxc3 6. bxc3 Bg7 7. Rb1 c5 8. Nf3 O-O 9. Be3 Nc6 10. dxc5 Bxc3+
11. Nd2 Qa5 12. Qb3 Bxd2+ 13. Bxd2 Qxc5 14. Bc4 Ne5 15. Rc1 Nxc4 16. Rxc4 Qe5 17. O-O Be6 18. Rc5 Qxc5 19. Qxb7 Rab8 20. Be3 Rxb7
21. Bxc5 Bxa2
0-1

[Event "Killer Summer Slam Round Robin-3 Open To All"]
[Site "SchemingMind.com"]
[Date "2019.08.28"]
[Round "-"]
[White "Thegreatvoid"]
[Black "surfnsuds"]
[Result "1-0"]
[WhiteCountry "USA"]
[BlackCountry "USA"]
[WhiteElo "1630"]
[WhiteRD "70"]
[BlackElo "1414"]
[BlackRD "77"]
[GameID "445078"]

1. c4 Nf6 2. Nc3 e6 3. g3 Nc6 4. Bg2 Bb4 5. Nf3 O-O 6. O-O d5 7. a3 Bxc3 8. bxc3 dxc4 9. d3 b5 10. Bg5 h6
11. Be3 Bb7 12. dxc4 bxc4 13. Nd4 Nxd4 14. Bxb7 Rb8 15. Bxd4 Rxb7 16. Qc2 a6 17. Rfd1 Qe7 18. Bxf6 Qxf6 19. Qe4 Rb3 20. Qxc4 Qxc3
21. Qxc3 Rxc3 22. Rdc1 Rxc1+ 23. Rxc1 Rc8 24. Rc6 a5 25. Kf1 Kf8 26. Ke1 Ke7 27. Ra6 c5 28. Rxa5 c4 29. Kd2 Kf6 30. Kc3 e5
31. e4 Ke6 32. Ra4 f5 33. exf5+ Kxf5 34. Rxc4 Ra8 35. Kb3 e4 36. h3 Ke5 37. a4 Kd5 38. Rb4 Rf8 39. a5 Rxf2 40. a6 Rf3+
41. Ka4 e3 42. a7 Rf8 43. Rb8
1-0

[Event "Killer Summer Slam Round Robin-3 Open To All"]
[Site "SchemingMind.com"]
[Date "2019.08.23"]
[Round "-"]
[White "Phillip Beckett"]
[Black "Thegreatvoid"]
[Result "0-1"]
[WhiteCountry "ENG"]
[BlackCountry "USA"]
[WhiteElo "1508"]
[WhiteRD "49"]
[BlackElo "1501"]
[BlackRD "89"]
[GameID "445079"]

1. e4 d6 2. d4 Nf6 3. Nc3 g6 4. Nf3 Bg7 5. Be2 c6 6. h3 O-O 7. O-O Qc7 8. e5 dxe5 9. dxe5 Rd8 10. Bd3 Nd5
11. Nxd5 cxd5 12. e6 Bxe6 13. Ng5 Nc6 14. Nxe6 fxe6 15. Qg4 Ne5 16. Qxe6+ Kh8 17. Bg5 Nxd3 18. cxd3 Bxb2 19. Rab1 Bg7 20. Qxe7 Qxe7
21. Bxe7 Rd7 22. Ba3 b6 23. Bb2 Bxb2 24. Rxb2 Rc8 25. a4 Rc3 26. Rd1 Ra3 27. Rb4 Rc7 28. Rd4 Rc5 29. Re1 Rc7 30. Rxd5 Rxa4
31. Re8+ Kg7 32. Rdd8 b5 33. Rg8+ Kh6 34. g4 b4 35. h4 Rb7 36. h5 b3 37. hxg6 hxg6 38. Rh8+ Kg5 39. Rd5+ Kxg4 40. f3+ Kxf3
41. Rf8+ Kg4 42. Rg8 Rb6
0-1

[Event "Killer Summer Slam Round Robin-3 Open To All"]
[Site "SchemingMind.com"]
[Date "2019.08.23"]
[Round "-"]
[White "Thegreatvoid"]
[Black "Phillip Beckett"]
[Result "1-0"]
[WhiteCountry "USA"]
[BlackCountry "ENG"]
[WhiteElo "1501"]
[WhiteRD "89"]
[BlackElo "1508"]
[BlackRD "49"]
[GameID "445080"]

1. c4 e5 2. Nc3 Nf6 3. Nf3 Nc6 4. g3 d5 5. cxd5 Nxd5 6. Bg2 Be6 7. O-O f6 8. d3 Qd7 9. Nxd5 Bxd5 10. b3 O-O-O
11. Bb2 h5 12. Nh4 g5 13. Ng6 Rg8 14. Nxf8 Rdxf8 15. e4 Be6 16. f3 Nd4 17. Bxd4 Bh3 18. Bc5 Rd8 19. Qc2 Bxg2 20. Kxg2 Kb8
21. a4 Qxd3 22. Qxd3 Rxd3 23. b4 Rg7 24. Rfd1 Rgd7 25. Rxd3 Rxd3 26. Be7 f5 27. Bxg5
1-0

[Event "Killer Summer Slam Round Robin-3 Open To All"]
[Site "SchemingMind.com"]
[Date "2019.08.23"]
[Round "-"]
[White "Chessibelle"]
[Black "Thegreatvoid"]
[Result "0-1"]
[WhiteCountry "ENG"]
[BlackCountry "USA"]
[WhiteElo "1130"]
[WhiteRD "57"]
[BlackElo "1501"]
[BlackRD "89"]
[GameID "445081"]

1. Nf3 Nf6 2. d4 g6 3. e3 Bg7 4. Nc3 d5 5. Be2 O-O 6. O-O Bg4 7. a3 c6 8. h3 Bxf3 9. Bxf3 Nbd7 10. b4 e5
11. Re1 exd4 12. exd4 Nb6 13. Ne2 Nc4 14. c3 b6 15. Nf4 Qc7 16. a4 Rfe8 17. Nd3 Ne4 18. Bf4 Qb7 19. Bh2 Ned2 20. Bg4 f5
21. Be2 Ne4 22. Qc1 Ned2 23. Qd1 Re7 24. Bf4 Rae8 25. Bf1 Ne4 26. Bh2 Nxc3 27. Qb3 Bxd4 28. Kh1 Ne4 29. Rad1 Nxf2+ 30. Nxf2 Rxe1
31. Rxd4 Rxf1+ 32. Bg1 Qc7 33. Rh4 Rxg1+ 34. Kxg1 Re1#
0-1

[Event "Killer Summer Slam Round Robin-3 Open To All"]
[Site "SchemingMind.com"]
[Date "2019.08.23"]
[Round "-"]
[White "Thegreatvoid"]
[Black "Chessibelle"]
[Result "1-0"]
[WhiteCountry "USA"]
[BlackCountry "ENG"]
[WhiteElo "1501"]
[WhiteRD "89"]
[BlackElo "1130"]
[BlackRD "57"]
[GameID "445082"]

1. c4 e5 2. Nc3 d6 3. g3 Nf6 4. Bg2 c6 5. d4 Be7 6. Bg5 O-O 7. d5 Nbd7 8. dxc6 Nc5 9. cxb7 Nxb7 10. Nf3 Qd7
11. Bxf6 Bxf6 12. Nd5 Qe6 13. Nc7 Qxc4 14. Nxa8 Bf5 15. Rc1 Qxa2 16. O-O Rxa8 17. Nd2 Qe6 18. Bxb7 Rb8 19. Be4 g6 20. Bxf5 Qxf5
21. Qc2 Qe6 22. Ne4 Bg7 23. Rb1 f5 24. Nc3 h5 25. e4 Bh6 26. exf5 gxf5 27. Rfd1 Rd8 28. Nd5 Kh7 29. Qc7+ Kg6 30. Qxd8 Bg5
31. Qa5 Qd7 32. b4 Bd8 33. Qa2 Qh7 34. Ne3 Qb7 35. Qg8+ Kf6 36. Qxd8+ Kf7 37. Rxd6 Qf3 38. Rf6+ Kg7 39. Qe7+ Kg8 40. Rf8#
1-0

[Event "Killer Summer Slam Round Robin-3 Open To All"]
[Site "SchemingMind.com"]
[Date "2019.08.23"]
[Round "-"]
[White "Whiteravenx"]
[Black "Thegreatvoid"]
[Result "1-0"]
[WhiteCountry "USA"]
[BlackCountry "USA"]
[WhiteElo "2048"]
[WhiteRD "77"]
[BlackElo "1501"]
[BlackRD "89"]
[GameID "445083"]

1. e4 d6 2. d4 Nf6 3. Nc3 g6 4. Nf3 Bg7 5. Be2 c6 6. O-O O-O 7. a4 Qc7 8. h3 e5 9. dxe5 dxe5 10. Bc4 Nbd7
11. Be3 a5 12. Qd3 Rd8 13. Bxf7+ Kxf7 14. Qc4+
1-0

[Event "Killer Summer Slam Round Robin-3 Open To All"]
[Site "SchemingMind.com"]
[Date "2019.08.23"]
[Round "-"]
[White "Thegreatvoid"]
[Black "Whiteravenx"]
[Result "0-1"]
[WhiteCountry "USA"]
[BlackCountry "USA"]
[WhiteElo "1501"]
[WhiteRD "89"]
[BlackElo "2048"]
[BlackRD "77"]
[GameID "445084"]

1. c4 c5 2. Nc3 Nc6 3. g3 g6 4. Bg2 e6 5. Nf3 Bg7 6. O-O Nge7 7. e3 O-O 8. d4 b6 9. d5 Na5 10. dxe6 fxe6
11. Nd2 Nec6 12. Rb1 Qe7 13. Nce4 Ba6 14. Nc3 Nxc4 15. Nxc4 Bxc4 16. Re1 d5 17. Bf1 Bxf1 18. Rxf1 Rad8 19. Qa4 Qb7 20. Qg4 Ne5
21. Qe2 Nf3+
0-1

[Event "Killer Summer Slam Round Robin-3 Open To All"]
[Site "SchemingMind.com"]
[Date "2019.08.23"]
[Round "-"]
[White "Colin.Peeters"]
[Black "Thegreatvoid"]
[Result "0-1"]
[WhiteCountry "ENG"]
[BlackCountry "USA"]
[WhiteElo "1322"]
[WhiteRD "73"]
[BlackElo "1630"]
[BlackRD "70"]
[GameID "445087"]

1. d4 Nf6 2. c4 g6 3. Nc3 d5 4. b3 Bg7 5. g3 O-O 6. Bg2 c6 7. Nf3 Bf5 8. Bb2 Ne4 9. cxd5 cxd5 10. Nh4 Nxc3
11. Bxc3 Bg4 12. f3 Bd7 13. O-O g5 14. f4 gxh4
0-1

[Event "Killer Summer Slam Round Robin-3 Open To All"]
[Site "SchemingMind.com"]
[Date "2019.08.23"]
[Round "-"]
[White "Thegreatvoid"]
[Black "Colin.Peeters"]
[Result "1-0"]
[WhiteCountry "USA"]
[BlackCountry "ENG"]
[WhiteElo "1630"]
[WhiteRD "70"]
[BlackElo "1322"]
[BlackRD "73"]
[GameID "445088"]

1. c4 e5 2. Nc3 Nf6 3. Nf3 Nc6 4. g3 d5 5. cxd5 Nxd5 6. Bg2 Nxc3 7. dxc3 Qxd1+ 8. Kxd1 Bc5 9. e3 O-O 10. b4 Bxb4
11. cxb4 Rd8+ 12. Ke2 Nxb4 13. Rd1 Rxd1 14. Kxd1 Bg4 15. h3
1-0

[Event "Killer Summer Slam Round Robin-3 Open To All"]
[Site "SchemingMind.com"]
[Date "2019.08.29"]
[Round "-"]
[White "surfnsuds"]
[Black "Matthew Bailey"]
[Result "0-1"]
[WhiteCountry "USA"]
[BlackCountry "ENG"]
[WhiteElo "1379"]
[WhiteRD "83"]
[BlackElo "2279"]
[BlackRD "59"]
[GameID "445121"]

1. d4 f5 2. Nf3 Nf6 3. c3 e6 4. Nbd2 Be7 5. e3 O-O 6. Bc4 d5 7. Bd3 c6 8. Ne5 Nbd7 9. Ndf3 Bd6 10. O-O Qc7
11. Nxd7 Bxd7 12. g3 Be8 13. Qc2 Bh5 14. Ng5 Rfe8 15. Be2 Bxe2 16. Qxe2 h6 17. Nf3 g5 18. c4 g4 19. Ne5 Bxe5 20. dxe5 Qxe5
21. Qc2 dxc4 22. Qxc4 Ne4 23. Qb3 h5 24. Qxb7 h4 25. f4 Qh8 26. a4 hxg3 27. hxg3 Qh3 28. Rf2 Qxg3+ 29. Rg2 Qe1+ 30. Kh2 g3+
0-1

[Event "Killer Summer Slam Round Robin-3 Open To All"]
[Site "SchemingMind.com"]
[Date "2019.08.29"]
[Round "-"]
[White "Matthew Bailey"]
[Black "surfnsuds"]
[Result "1-0"]
[WhiteCountry "ENG"]
[BlackCountry "USA"]
[WhiteElo "2279"]
[WhiteRD "59"]
[BlackElo "1379"]
[BlackRD "83"]
[GameID "445122"]

1. e4 e5 2. Nf3 d6 3. Nc3 Nc6 4. d4 Nf6 5. Bg5 Be7 6. d5 Bg4 7. dxc6 bxc6 8. h3 Bxf3 9. Qxf3 O-O 10. Bxf6 Bxf6
11. O-O-O Qb8 12. a3 Qb7 13. Bc4 Rab8 14. Bb3 c5 15. Qe2 c6 16. Rxd6 Be7 17. Rdd1 h6 18. Qc4 Bg5+ 19. Kb1 Kh8 20. Na4 Qe7
21. Nxc5 Rb5 22. Nd7 Rd8 23. Qxc6 Rb6 24. Nxb6 axb6 25. Rxd8+ Qxd8 26. Bxf7
1-0